[Event "Sufe Cup"]
[Site "Shanghai"]
[Date "2000.03.11"]
[Round "9"]
[White "Ye, Jiangchuan"]
[Black "Pigusov, Evgeny"]
[Result "1-0"]
[WhiteElo "2616"]
[BlackElo "2610"]
[Annotator "Alterman,B"]
[PlyCount "147"]
[EventDate "2000.03.03"]
[EventType "tourn"]
[EventRounds "13"]
[EventCountry "CHN"]
[EventCategory "13"]
[SourceTitle "CBM 076"]
[Source "ChessBase"]
[SourceDate "2000.05.31"]
[SourceVersion "1"]
[SourceVersionDate "2000.05.31"]
[SourceQuality "1"]

1. e4 c5 2. Nf3 Nc6 3. d4 cxd4 4. Nxd4 g6 5. c4 Nf6 6. Nc3 d6 7. Be2 Nxd4 8.
Qxd4 Bg7 9. Be3 O-O 10. Qd2 Be6 11. O-O Qa5 12. Rab1 Rfc8 13. b3 Ng4 14. Nd5
Qxd2 15. Bxd2 Kf8 16. Bg5 Nf6 17. Nxf6 Bxf6 18. Bxf6 exf6 19. f4 Ke7 20. Rfd1
$1 a5 21. Rd4 {[%csl Gc4]} Ra6 $146 (21... Rc5 22. Kf2 h6 23. Ke3 Ra6 24. Kd2
g5 25. g3 gxf4 26. gxf4 f5 27. exf5 Rxf5 28. Re1 Kf6 29. Bf3 Rb6 30. Kc3 {
1/2-1/2 Adams,M-Alterman,B/Elista (ol) 74/185 1998/Inf 74/[Alterman,B] (43)})
22. Kf2 Rb6 {[%cal Gb6b1]} 23. Ke3 a4 $6 (23... g5 24. f5 (24. g3 gxf4+ 25.
gxf4 $14) 24... Bd7 $14) 24. b4 $16 Rbc6 25. b5 Rc5 26. Rb4 {[%cal Gb4a4]} Ra8
27. a3 {[%csl Ra4,Rb7,Rd6,Gf6][%mdl 4144] White has a clear positional
advantage, the black pieces should protect all the time their weak pawn
structure, and black has no active plan.} b6 28. Kd2 f5 29. exf5 Bxf5 30. Bf3
Ra7 31. Kc3 Be6 32. Bc6 {Now black should exchange the bishops, otherway he
will face a zugzwang in a few moves!} Bd7 33. Bxd7 Kxd7 34. Rb2 {[%cal Gc3b4,
Rb2d2]} Rf5 35. Rbd2 Rf6 36. g4 Re6 37. R2d3 Ke7 38. f5 gxf5 39. gxf5 Rf6 40.
Kb4 {THe black rooks stands really ugly and white's positional advantage
decides the game.} Ra8 (40... Rxf5 41. Rxd6 $18 {[%cal Gd6b6]}) 41. Re4+ Kf8
42. Rh4 h6 43. Re4 Rd8 44. Rd5 Ra8 45. Kc3 Rc8 46. Kd4 Rc5 47. h3 Rc8 48. Ke3
Rc7 49. Kf4 Rc8 50. h4 Rc7 51. h5 {White improves his position at the kingside
before he ia showing a winning plan.} Rc5 52. Kg4 Rc8 53. Kf3 Rc7 54. Ke3 Rc8
55. Kd3 Rc7 56. Kc3 Rc8 57. Kb4 Ra8 58. Re3 Ra7 59. Rd4 Ra8 60. Rf4 Ra7 61. Rd4
Ra8 62. Rf4 Ra7 63. Re2 Ra8 64. Rd4 Ra7 65. Rd5 Ra8 66. Re4 Ra7 67. Rd2 Ra8 68.
Rd3 Ra7 69. Rde3 $1 {This move finally destroys the black defence.} Ra8 (69...
Rxf5 70. Re8+ Kg7 71. Rb8 Rf1 72. Rxb6 Rb1+ 73. Kc3 Rc7 74. Kd4 $18) 70. Re7
Rb8 71. Rd7 Rxf5 72. Rxd6 {[%cal Gd6b6,Rd6h6]} Rxh5 73. Rf3 {[%csl Gf6][%cal
Gf3f6]} Rb7 74. Rff6 1-0

[Event "Corus-B"]
[Site "Wijk aan Zee"]
[Date "2000.01.18"]
[Round "1"]
[White "Nijboer, Friso"]
[Black "Tiviakov, Sergei"]
[Result "1/2-1/2"]
[WhiteElo "2540"]
[BlackElo "2567"]
[Annotator "Alterman,B"]
[PlyCount "66"]
[EventDate "2000.01.18"]
[EventType "tourn"]
[EventRounds "11"]
[EventCountry "NED"]
[EventCategory "11"]
[SourceTitle "CBM 075"]
[Source "ChessBase"]
[SourceDate "2000.04.05"]
[SourceVersion "1"]
[SourceVersionDate "2000.04.05"]
[SourceQuality "1"]

1. e4 c5 2. Nf3 Nc6 3. d4 cxd4 4. Nxd4 g6 5. c4 Nf6 6. Nc3 d6 7. Be2 Nxd4 8.
Qxd4 Bg7 9. Bg5 O-O 10. Qd2 Be6 11. O-O Qa5 12. Rad1 a6 13. Bxf6 Bxf6 14. Nd5
Qxd2 (14... Qxa2 15. Nxf6+ exf6 16. Qc3 Qa4 17. Rxd6 Rac8 18. b3 Qa3 19. Rfd1
Rc7 20. h4 Kg7 21. h5 gxh5 22. Rxe6 {1-0 Tiviakov,S-Polak,T/Oakham 1992/CBM 30
(22)}) 15. Nxf6+ Kg7 $146 (15... exf6 16. Rxd2 b5 17. cxb5 axb5 18. a3 Rfb8 19.
f4 f5 20. exf5 gxf5 21. Rxd6 b4 22. Ra1 Rc8 23. Bf3 bxa3 24. bxa3 Ra4 25. Bd1
Rxf4 26. a4 Rfc4 27. Bf3 Rc1+ 28. Rd1 {1/2-1/2 Campora,D-Morovic Fernandez,I/
Cala Galdana 1994/EXT 97 (36)}) 16. Nh5+ gxh5 17. Rxd2 {This variation is not
dangerous for black, thank's to strong light square bishop and good pawn
structure.} h4 {[%mdl 4128]} 18. b3 Rac8 19. f4 f5 20. exf5 Bxf5 21. Re1 Rc7
22. g3 (22. Kf2 Kf6 $11 23. g4 hxg3+ 24. hxg3 Rg8 25. Bf3 b6) 22... hxg3 23.
hxg3 Rf6 (23... b6 {[%cal Ga6a5,Gc7c5]}) 24. Kf2 Bg6 25. Red1 (25. Bf3) 25...
Rc5 26. Rd5 b6 27. Bf3 a5 $11 28. Re1 Kf8 29. Be4 Bxe4 30. Rxe4 Kf7 {Rook
ending is drawish.} 31. Kf3 Rxd5 32. cxd5 Rf5 33. Rd4 Rh5 1/2-1/2

[Event "Novak Nikolic Memorial 2nd"]
[Site "Belgrade"]
[Date "2000.02.12"]
[Round "10"]
[White "Zontakh, Andrey"]
[Black "Pikula, Dejan"]
[Result "0-1"]
[WhiteElo "2576"]
[BlackElo "2476"]
[Annotator "Alterman,B"]
[PlyCount "88"]
[EventDate "2000.02.02"]
[EventType "tourn"]
[EventRounds "11"]
[EventCountry "YUG"]
[EventCategory "11"]
[SourceTitle "CBM 076"]
[Source "ChessBase"]
[SourceDate "2000.05.31"]
[SourceVersion "1"]
[SourceVersionDate "2000.05.31"]
[SourceQuality "1"]

1. Nf3 g6 2. c4 c5 3. d4 Nf6 4. Nc3 cxd4 5. Nxd4 Nc6 6. e4 d6 7. Be2 Nxd4 8.
Qxd4 Bg7 9. Be3 O-O 10. Qd2 Be6 11. Rc1 Qa5 12. f3 Rfc8 (12... Rac8 13. b3 h5
14. Nd5 Qxd2+ 15. Kxd2 Nxd5 16. exd5 Bf5 17. Bd3 Bxd3 18. Kxd3 Rfe8 19. Rhe1
Be5 20. Bg1 e6 21. dxe6 Rxe6 $11 {1/2-1/2 Krasenkow,M-Wojtkiewicz,A/Buenos
Aires 1998/CBM 67 ext (31)}) 13. b3 Nd7 14. Nb5 $146 {[%cal Gb5d4]} (14. O-O a6
15. Rfd1 b5 16. Nd5 Qxd2 17. Bxd2 ({RR} 17. Rxd2 Bxd5 18. Rxd5 b4 19. Kf1 Bc3
20. Bd4 Bxd4 21. Rxd4 Rc5 22. f4 Ra7 23. Rcd1 Nf6 24. Bf3 a5 25. Re1 a4 26. Bd1
$17 {Kawohlus,M-Tiefenbach,W/Bayern 1996/EXT 99/0-1 (43)}) 17... Bxd5 18. exd5
bxc4 19. Rxc4 Rxc4 20. Bxc4 Nb6 21. Rc1 Bb2 22. Rc2 Bd4+ 23. Kf1 Rc8 24. Ke2
Nxc4 25. Rxc4 Rxc4 26. bxc4 Kf8 27. Kd3 Bg1 28. h3 Ke8 {Matlak,M-Szczepanek,P/
Polanica Zdroj 1995/EXT 97/1/2-1/2 (51)}) (14. Nd5 Qxd2+ 15. Kxd2 Bxd5 16. exd5
a5 $1 {[%cal Gd7c5]} 17. Rc2 Re8 18. f4 Nc5 19. Bf3 Ra6 20. Rb1 Rb6 21. Rcc1
Rb4 22. Kc2 a4 23. Bd2 Na6 24. Kd1 Ra8 25. Bg4 f5 26. Bf3 h5 27. Rc2 axb3 28.
axb3 Rb6 {Benkovic,P-Pikula,D/Kragujevac YUG 2000/The Week in Chess/1/2-1/2 
(44)}) 14... Qxd2+ 15. Kxd2 a6 16. Nd4 Nc5 {[%mdl 4096]} 17. Rhd1 $6 (17. g4 $1
{[%cal Gh2h4]} b5 $2 18. Nxe6 $16) 17... a5 18. Ke1 $14 Bd7 19. Rc2 (19. g4 Na6
) 19... Bf6 20. Rdc1 Na6 $1 {[%csl Gb4][%cal Ra5a4][%mdl 32]} 21. a4 (21. a3
Nc5 {[%csl Gb3]} 22. Rb1 a4 23. b4 Nb3 $1 {[%csl Gc4]}) 21... Nc5 {[%csl Gb3,
Rc5]} 22. Rb1 Bg7 {[%cal Gf7f5]} 23. Rcc1 Ra6 $2 (23... f5 $1) 24. g4 Raa8 25.
Kd2 $6 {White king has nothing to do in the centre.} (25. h4) 25... Be5 26. h4
Kh8 27. Nb5 f5 28. exf5 gxf5 29. f4 (29. Bd4 $1 $11) 29... Bg7 30. g5 Bc6 $1
$15 {[%csl Rb1,Rc1]} 31. Nc3 e6 (31... Rd8 $1 32. Ke1 e5) 32. Rf1 (32. h5 $1)
32... Kg8 33. h5 Kf7 34. Bf3 Rd8 35. Kc2 (35. Bxc6 bxc6 36. Kc2 $11) 35... Na6
36. Na2 d5 37. Bb6 Rdc8 38. Bxa5 $2 {[%mdl 8192] Blunder.Correct way was} (38.
Rbd1 $1 dxc4 39. Bxc6 Rxc6 (39... cxb3+ 40. Kxb3 bxc6 41. Rd7+ Kg8 42. Kc4 $44)
40. Rd7+ Kg8 41. Rxb7 {And now bad is} Nb4+ $2 42. Nxb4 cxb3+ 43. Kxb3 Rc3+ 44.
Ka2 axb4 45. Rxg7+ Kxg7 46. Bd4+ $16) 38... dxc4 39. Bxc6 cxb3+ 40. Rxb3 Rxc6+
41. Kb1 Nc5 42. Rb5 b6 43. Bd2 Ne4 44. Be1 Rd8 0-1

[Event "EU-Cup 15th final"]
[Site "Bugojno"]
[Date "1999.10.29"]
[Round "1"]
[White "Kobalia, Mihail"]
[Black "Khasin, Alexander"]
[Result "1-0"]
[WhiteElo "2573"]
[BlackElo "2511"]
[Annotator "Alterman,B"]
[PlyCount "57"]
[EventDate "1999.10.29"]
[EventType "team-k.o."]
[EventRounds "3"]
[EventCountry "BIH"]
[SourceTitle "EXT 2020"]
[Source "ChessBase"]
[SourceDate "2019.10.17"]
[SourceVersion "1"]
[SourceVersionDate "2019.10.17"]
[SourceQuality "1"]
[WhiteTeam "Kiseljak"]
[BlackTeam "Tomsk Siberia"]
[WhiteTeamCountry "BIH"]
[BlackTeamCountry "RUS"]

1. e4 c5 2. Nf3 Nc6 3. d4 cxd4 4. Nxd4 g6 5. c4 Nf6 6. Nc3 d6 7. Be2 Nxd4 8.
Qxd4 Bg7 9. Bg5 (9. O-O O-O 10. Bg5 Be6 11. Qe3 Qb6 12. Qd2 Rfc8 13. b3 Qa5 14.
Rac1 a6 15. f4 Rc5 16. Qe3 Rac8 (16... Re8 17. Bh4 b5 18. e5 Nd7 19. Ne4 Rc6
20. cxb5 Rxc1 21. Rxc1 dxe5 22. Qd2 (22. bxa6) 22... Qxd2 23. Nxd2 axb5 24.
Bxb5 Rb8 25. a4 {+= 0-1 Dimitrov,V-Velimirovic,D/Pozarevac 1995 (51)}) 17. Na4
R5c6 18. f5 Bd7 19. Kh1 Re8 20. Nc3 Rcc8 21. Bxf6 Bxf6 22. Nd5 {+= 1-0
Kortchnoi,V-Wojtkiewicz,A/Antwerpen 1994 (30)}) 9... O-O 10. Qd2 Be6 11. Rc1
Qa5 12. O-O Rfc8 13. b3 a6 14. f4 Rc5 15. Qe3 (15. Bf3 $6 Rb8 (15... Rac8 16.
Qf2 (16. Rcd1 b5 17. Nd5 Qd8 18. cxb5 Bxd5 19. exd5 axb5 20. Rf2 Rc3 {=+ 1-0
Kaiszauri,K-Spiridonov,N/EU-chT Skara 1980 (31)}) 16... R5c7 17. f5 gxf5 18.
Nd5 Bxd5 19. exd5 {~= 1-0 Krnic,Z-Spiridonov,N/Athens GRE 1981 (53)}) 16. Bh4
b5 17. cxb5 axb5 18. Bf2 (18. Qe3 Rbc8 19. Nd5 Bxd5 20. Rxc5 dxc5 21. exd5 Nxd5
{0-1 Wittmann,W-Fischer,W/cr EU/M - FS 1980 (21)}) 18... Rc7 {=+}) (15. Bd3 b5
16. f5 bxc4 17. fxe6 cxd3 18. exf7+ Kxf7 19. Be3 Rc6 20. Qxd3 Rac8 21. Bd2 Qc5+
22. Kh1 Ke8 $132 {0-1 Orlov,G-Petrienko,V/Podolsk GMA-qual ,EXT 1989 (48)}) (
15. a3 Qxa3 16. Bxf6 Bxf6 17. f5 gxf5 18. exf5 Rxf5 19. Rxf5 Bxf5 20. Nd5 Bg6
21. Nxf6+ exf6 22. b4 Re8 {-/+ 1/2-1/2 Adla,D-Palacios,L/Paranana Wtt-26 ,EXT
1993 (48)}) (15. Qe3 h6 (15... Re8 16. f5 (16. Rfd1 Ng4 17. Bxg4 Bxg4 18. Rd2 (
18. Nd5 Bxd1 19. Rxd1 Rxd5 20. Rxd5 Qxa2 {-/+ 0-1 Riegler,P-Palacios,L/Moscow
olm SLO-MEX 1994 (27)}) 18... h6 19. Bh4 b5 (19... Qa3 20. Rcc2 b5 21. cxb5
axb5 22. Nd5 Qa7 $132) 20. Nd5 Qa3 21. Rdc2 bxc4 22. b4 Qxe3+ 23. Nxe3 Bd4 24.
Bf2 Bxe3 25. Bxe3 Rcc8 26. Rxc4 {=}) 16... gxf5 17. Nd5 Rcc8 18. Nxe7+ (18. b4
Qxa2 19. Nxe7+ (19. Nc3 Qb2 {-+ 0-1 Holzke,F-Turner,M/Goteborg 1993 (24)})
19... Rxe7 20. exf5 d5 21. Bxf6 Bxf6 22. fxe6 Rxe6 23. Qg3+ Kh8 24. cxd5 Rxc1
25. dxe6 Rxf1+ 26. Bxf1 Qxe6 {=+}) 18... Rxe7 19. exf5 Qxa2 {~=}) (15... Rac8
16. Na4 $1 (16. Rb1 Qd8 17. a4 a5 $132 {1/2-1/2 Kruppa,Y-Tiviakov,S/St
Petersburg 1993 (58)}) 16... R5c7 (16... R5c6 17. f5 Bd7 18. Bf3 Rd8 (18... b5
19. e5 Ng4 20. Bxg4 bxa4 21. e6 {+-}) 19. e5 Qxe5 20. Qxe5 dxe5 21. Bxc6 Bxc6
22. fxg6 hxg6 23. Nc5 {+/-}) 17. Nb6 Re8 18. f5 Bc8 19. Bxf6 Bxf6 20. Nd5 Qc5
21. Qxc5 Rxc5 22. Nxf6+ exf6 23. fxg6 hxg6 24. Rxf6 Rxe4 25. Bf3 Re6 26. Rxe6
fxe6 27. Rd1 {+/-}) 16. Bh4 g5 17. Be1 gxf4 18. Qxf4 Qa3 19. Rc2 {Like in this
game}) 15... h6 (15... Re8 16. f5 (16. Rfd1 Ng4 17. Bxg4 Bxg4 18. Rd2 (18. Nd5
Bxd1 19. Rxd1 Rxd5 20. Rxd5 Qxa2 {-/+ 0-1 Riegler,P-Palacios,L/Moscow olm
SLO-MEX 1994 (27)}) 18... h6 19. Bh4 b5 (19... Qa3 20. Rcc2 b5 21. cxb5 axb5
22. Nd5 Qa7 $132) 20. Nd5 Qa3 21. Rdc2 bxc4 22. b4 Qxe3+ 23. Nxe3 Bd4 24. Bf2
Bxe3 25. Bxe3 Rcc8 26. Rxc4 {=}) 16... gxf5 17. Nd5 Rcc8 (17... Bxd5 18. exd5
e6 (18... Ne4 19. Rxf5 Nxg5 20. Qxg5 {+=}) 19. Bxf6 Bxf6 20. Rxf5 Qd8 21. Rh5 {
+/-}) (17... Nxd5 18. exd5 Bd7 (18... Bc8 19. Bd3 e6 20. Bxf5 Bd7 21. Qg3 {+/-}
) 19. Bd3 $36) 18. Nxe7+ (18. b4 Qxa2 19. Nxe7+ (19. Nc3 Qb2 {-+ 0-1 Holzke,
F-Turner,M/Goteborg 1993 (24)}) 19... Rxe7 20. exf5 d5 21. Bxf6 Bxf6 22. fxe6
Rxe6 23. Qg3+ Kh8 24. cxd5 Rxc1 25. dxe6 Rxf1+ 26. Bxf1 Qxe6 {=+}) 18... Rxe7
19. exf5 Qxa2 {~=}) (15... Rac8 16. Na4 $1 (16. Rb1 Qd8 17. a4 a5 $132 {
1/2-1/2 Kruppa,Y-Tiviakov,S/St Petersburg 1993 (58)}) 16... R5c7 (16... R5c6
17. f5 Bd7 18. Bf3 Rd8 (18... b5 19. e5 Ng4 20. Bxg4 bxa4 21. e6 {+-}) 19. e5
Qxe5 20. Qxe5 dxe5 21. Bxc6 Bxc6 22. fxg6 hxg6 23. Nc5 {+/-}) 17. Nb6 Re8 18.
f5 Bc8 19. Bxf6 Bxf6 20. Nd5 Qc5 21. Qxc5 Rxc5 22. Nxf6+ exf6 23. fxg6 hxg6 24.
Rxf6 Rxe4 25. Bf3 Re6 26. Rxe6 fxe6 27. Rd1 {+/-}) 16. Bh4 g5 $6 {+= With idea
of blockade on black squares. However thus the position of the black king is
loosened a little.} (16... Rac8 17. f5 gxf5 18. Nd5 Bxd5 19. exd5 Qxa2 20. Rce1
R5c7 21. Rxf5 {~=}) (16... Re8 $5 $132) 17. Be1 (17. fxg5 hxg5 18. Bg3 {+=})
17... gxf4 (17... Qa3 18. Rc2 {+=}) 18. Qxf4 Qa3 (18... Rg5 $1 19. h4 Re5 (
19... Rg6 20. Nd5 Qd8 21. Bc3 Bh3 (21... Ng4 22. Bxg7 Kxg7 23. Rc3 {+=}) 22.
Nxf6+ Bxf6 23. Bxf6 Rxg2+ (23... Rxf6 24. Qg3+ {+-}) 24. Kh1 exf6 25. Rg1 {+-})
20. g4 $5 {+=} (20. Nd5 $2 Qxa2 21. Nxe7+ Kf8 {-+}) (20. Bf2 b5 $132 (20... Nh5
21. Bxh5 Rxh5 22. Nd5 Re8 23. a4 Bxd5 24. cxd5 {+-}))) 19. Rc2 Re5 $2 {+/-
Here rook becomes vulnerable.} (19... Rc7 20. Bd2 {+=} (20. Nd5 Nxd5 21. exd5
Bxd5 $1 22. Bd3 (22. cxd5 Rxc2 23. Qxf7+ Kh8 24. Bd3 Qc5+ 25. Kh1 Rf8 26. Qg6
Rxf1+ 27. Bxf1 Qe3 28. Qxc2 Bd4 29. Bf2 Qxf2 30. Qxf2 Bxf2 {=}) 22... Be6 (
22... e5 23. Qf5 Be6 24. Qh7+ Kf8 25. Bd2 {+=}) 23. Qe4 Qc5+ 24. Rcf2 Qd4 25.
Qh7+ Kf8 26. Bd2 Rac8 27. Bxh6 Bxh6 28. Qxh6+ Ke8 29. Rd1 {+=})) 20. Nd5 Bxd5
21. exd5 Rf8 (21... Rc8 22. Bc3 Rg5 23. Bd3 {+/-}) 22. Bd3 {White has par of
bishops and space advantage on the King side.} b5 $6 (22... Qc5+ 23. Bf2 Qc7
24. b4 {+/-}) 23. Bc3 bxc4 $2 {+-} (23... Rg5 24. Bxf6 Bxf6 25. Qe4 Rg7 26.
cxb5 axb5 27. Bxb5 {+/-}) 24. Qxc4 $1 {Unexpectedly black queen falls in a
dangerous situation.} Re3 (24... a5 25. Bxe5 dxe5 26. Qc5 {+-}) 25. Bb4 Qxb4
26. Qxb4 Rxd3 27. Qc4 Re3 28. Qxa6 Nxd5 29. Rc8 1-0

[Event "RUS-ch KO"]
[Site "Moscow"]
[Date "1999.12.20"]
[Round "3.3"]
[White "Ibragimov, Ildar"]
[Black "Shchekachev, Andrei"]
[Result "1-0"]
[WhiteElo "2554"]
[BlackElo "2505"]
[Annotator "Alterman,B"]
[PlyCount "35"]
[EventDate "1999.12.04"]
[EventType "k.o."]
[EventRounds "6"]
[EventCountry "RUS"]
[SourceTitle "CBM 075"]
[Source "ChessBase"]
[SourceDate "2000.04.05"]
[SourceVersion "1"]
[SourceVersionDate "2000.04.05"]
[SourceQuality "1"]

1. c4 c5 2. Nf3 g6 3. d4 cxd4 4. Nxd4 Nf6 5. Nc3 Nc6 6. e4 d6 7. Be2 Nxd4 8.
Qxd4 Bg7 9. Bg5 O-O 10. Qd2 Be6 11. O-O Qa5 12. Rac1 Rfc8 $6 13. b3 b5 (13...
Rab8 14. Rfd1 Qd8 15. f3 a6 16. Be3 Nd7 17. Nd5 Bxd5 18. exd5 b5 19. cxb5 axb5
20. Qb4 Rxc1 21. Rxc1 Nf6 22. Rd1 Qc7 23. Qd2 Qb7 24. a4 bxa4 25. bxa4 Qb3 26.
a5 Nxd5 27. Ba7 Ra8 28. Qxd5 {Balcerak,P-Blaich,M/Oberhof 1999/EXT 2000/1/2-1/
2 (51)}) (13... a6 14. f4 Rc5 (14... b5 15. f5 $16)) 14. cxb5 Rxc3 $4 $146 {
[%mdl 8192]} (14... Rc7 15. Nd5 Qxd2 16. Bxd2 Nxd5 17. exd5 Rxc1 18. Rxc1 Bxd5
$16 19. Be3 e5 20. Rc7 Bf6 21. Rxa7 Rb8 22. Rd7 Ra8 23. Ra7 Rb8 24. h3 Ba8 25.
a4 d5 26. Bc5 Rc8 27. b4 d4 28. b6 Bc6 {1-0 Efler,D-Skacelova Zahorovska,L/
Pardubice 1992/EXT 2000 (28)}) 15. Rxc3 Nxe4 16. Rc8+ $1 {[%cal Rd2a5,Yc8g8]}
Bxc8 17. Qxa5 Nxg5 18. b6 1-0

[Event "Solin 7th"]
[Site "Solin"]
[Date "1999.12.17"]
[Round "7"]
[White "Morovic Fernandez, Ivan"]
[Black "Cebalo, Miso"]
[Result "1/2-1/2"]
[WhiteElo "2608"]
[BlackElo "2453"]
[Annotator "Alterman,B"]
[PlyCount "77"]
[EventDate "1999.12.10"]
[EventType "tourn"]
[EventRounds "9"]
[EventCountry "CRO"]
[EventCategory "13"]
[SourceTitle "CBM 075"]
[Source "ChessBase"]
[SourceDate "2000.04.05"]
[SourceVersion "1"]
[SourceVersionDate "2000.04.05"]
[SourceQuality "1"]

1. Nf3 Nf6 2. c4 c5 3. Nc3 g6 4. d4 cxd4 5. Nxd4 Nc6 6. e4 d6 7. Be2 Nxd4 8.
Qxd4 Bg7 9. Be3 O-O 10. Qd2 Be6 11. O-O Qa5 12. Rab1 Rfc8 13. b3 Ng4 14. Nd5
Qxd2 15. Bxd2 Kf8 16. Bg5 Nf6 17. Nxf6 Bxf6 18. Bxf6 exf6 19. Rbd1 (19. f4)
19... Ke7 20. Rd2 $146 (20. f4 Rc5 21. Rd4 a5 22. Rfd1 Ra6 23. g4 Rb6 24. R1d3
a4 25. f5 axb3 26. axb3 Bd7 27. Bd1 Re5 28. Rh3 Bc6 29. Rxh7 g5 30. h4 gxh4 31.
Rxh4 Bxe4 32. Rh3 Ra6 33. Rh2 d5 34. c5 Ra1 {Tischbierek,R-Van der Weide,K/
Berlin 1997/CBM 59 ext/1/2-1/2 (47)}) 20... a5 $1 {[%cal Ga5a4][%mdl 272]} 21.
f4 Rc5 (21... a4 22. f5 Bd7 23. b4 $16) 22. Rfd1 Ra6 {[%cal Ga6b6] With the
idea Rb6 and a5-a4!} 23. Kf2 Rb6 24. Ke3 a4 25. Rd3 Ra5 $11 26. R1d2 f5 27.
exf5 Bxf5 28. Rc3 Bd7 29. Bf3 Bc6 30. Kd4 axb3 31. axb3 h5 {Black exchange
their pawn weakness and draw becomes obvious.} 32. Re3+ Kf6 33. Kc3 Bxf3 34.
Rxf3 Ra1 35. Rfd3 Ke6 36. Re3+ Kf6 37. Red3 Ke6 38. Re3+ Kf6 39. Red3 1/2-1/2

[Event "SRB Central-ch op-A 5th"]
[Site "Paracin"]
[Date "2012.07.12"]
[Round "8"]
[White "Atalik, Suat"]
[Black "Kovacevic, Aleksandar"]
[Result "1/2-1/2"]
[WhiteElo "2599"]
[BlackElo "2537"]
[Annotator "Atalik,S"]
[PlyCount "79"]
[EventDate "2012.07.06"]
[EventType "swiss"]
[EventRounds "9"]
[EventCountry "SRB"]
[SourceTitle "CBM 149 Extra"]
[Source "ChessBase"]
[SourceDate "2012.08.24"]
[SourceVersion "1"]
[SourceVersionDate "2012.08.24"]
[SourceQuality "1"]

{Réti's day!} 1. Nf3 c5 2. c4 Nc6 3. d4 cxd4 4. Nxd4 g6 $5 {Aleksandar studied
the Maroczy with Velimirovic back in time.} (4... Nf6 5. g3 $5 Qb6 6. Nb5 $5 a6
(6... Ne5 7. Bg2) 7. N5c3 Ne5 8. Bg2 $1 $44 {is sharp as a blade.}) 5. e4 Nf6
6. Nc3 d6 (6... Bg7 7. Be3 Ng4 8. Qxg4 Nxd4 9. Qd1 Ne6 10. Rc1 d6 11. b4 O-O
12. Be2 a5 13. a3 axb4 14. axb4 Bd7 15. O-O Ra3 (15... Bc6 16. Qd2 Ra3 17. Nd5
{is the same}) 16. Nd5 Bc6 17. Qd2 Re8 18. Rc2 $14 {resembles the game.}) 7.
Be2 Nxd4 8. Qxd4 Bg7 9. Bg5 {This looks like the most logical move.} ({A
sister line is} 9. Be3 $5 O-O 10. Qd2 a5 11. f3 (11. O-O a4 12. f3 Qa5 13. Rab1
Be6 14. Rfc1 Rfc8 15. b4 axb3 16. axb3 Qb4 17. Rc2 Nd7 18. Nd5 Qxd2 19. Rxd2
Kf8 20. b4 Ra3 21. Kf2 Bxd5 22. exd5 b6 {like in the game.}) 11... a4 12. Rc1
Qa5 13. Rc2 Bd7 14. O-O Bc6 15. Rfc1 Nd7 16. Nd5 Bxd5 17. Qxa5 Rxa5 18. cxd5
Nc5 19. Kf1 $14) 9... O-O 10. Qd2 a5 $5 {It is always difficult to figure out
the accurate move order.} 11. Rc1 (11. Rd1 $5 Be6 12. b3 a4 $1 13. e5 (13. Bxf6
Bxf6 14. Nxa4 Bd7 15. Nc3 Bxc3 16. Qxc3 Rxa2 17. Bd3 $11) 13... dxe5 14. Qxd8
Rfxd8 15. Rxd8+ Rxd8 16. Nxa4 Bd7 17. Nc3 $13) (11. f3 a4 12. Rc1 {is just a
transposition to the game.}) 11... a4 12. f3 Bd7 $146 {A new but sound
approach to the game.} (12... Qa5 13. Rc2 Bd7 (13... Be6 14. Nd5 $14) 14. Nd5
$14) (12... Be6 13. Nb5 $5) 13. Rc2 (13. c5 $5 Be6 (13... dxc5 $2 14. e5 {
wins a piece.}) 14. cxd6 Qxd6 15. Qxd6 exd6 16. Rd1 a3 17. b3 Rfc8 18. Nb5 Ne8
$132) 13... Re8 14. O-O {It is always a sophisticated question if the king
should stay near the centre.} (14. Kf2 $5 Bc6 15. Rb1 Nd7 16. b4 axb3 17. axb3
Qb6+ 18. Be3 Qb4 19. Nd5 Qxd2 20. Rxd2 Ra3 21. b4 {may well be an improvement
over the game.}) (14. c5 $6 dxc5 15. e5 Bf5 16. exf6 exf6 17. Bh4 Bxc2 18. Qxc2
a3 $17) 14... Bc6 15. Rb1 $6 {This continuation does not fit the general plan.}
(15. Rfc1 Nd7 16. Nd5 Nc5 17. Bf1 $14) (15. Rd1 Nd7 16. Nd5 Nc5 17. Bf1 Rc8 $14
) 15... Nd7 16. b4 (16. Be3 Nc5 17. b4 axb3 18. axb3 Ra3 19. b4 Nb3 20. Qd3 Na1
21. Rcc1 Nb3 $11 {draws by force.}) 16... axb3 17. axb3 Qb6+ 18. Be3 Qb4 19.
Nd5 Qxd2 20. Bxd2 (20. Rxd2 Ra3 $40 {is annoying.}) 20... Bd4+ (20... Ra3 21.
Bc1 Bd4+ (21... Ra7 22. Be3) 22. Kf1 Ra7 {is similar to the game.}) 21. Kf1 ({
Too early to exchange the bishops with} 21. Be3 $6 Bxe3+ 22. Nxe3 Ra3 23. Kf2
$15) 21... Ra7 $5 (21... Ra3 22. Bg5 (22. Bb4 $6 Ra7 23. Bc3 Bxc3 24. Nxc3 Rea8
{resembles the game.}) 22... f6 23. Bc1 Ra7 24. Rd2 e5 25. Bb2 $11) 22. b4 (22.
Nb4 $6 Rea8 23. Nxc6 bxc6 24. b4 Ra1 25. Rxa1 Rxa1+ 26. Rc1 Ra2 27. Ke1 c5 28.
b5 Kf8 29. Rb1 Nb6 $17) 22... b6 23. Bc3 $6 (23. Rd1 $142 $1 Kf8 (23... Ba4 $2
24. Ra2 {is obvious.}) 24. Bf4 Bg7 25. Rdd2 $11) 23... Bxc3 24. Nxc3 Rea8 25.
Ke1 $6 (25. Rbb2 $142) 25... f5 $1 26. exf5 gxf5 27. Bd3 $1 $132 {White has to
create some weaknesses in his opponent's camp.} e6 (27... Ne5 $2 28. Bxf5 Nxc4
29. Be6+ $18) 28. Be2 $5 {There is a big difference between the text} ({
and the alternative} 28. Bf1 Ra1 29. Rxa1 Rxa1+ 30. Kf2 Ra3 31. Ne2 $132 Ne5
32. Nd4 Bd7 33. c5 $11) 28... Ra1 29. Rxa1 Rxa1+ 30. Kf2 $2 (30. Kd2 $1 Rg1 31.
Ke3 $1 Kf7 (31... Rxg2 32. Rd2 e5 33. Rxd6 Rg6 {may well be risky for Black.})
32. Ra2 $132 Rxg2 $140 $2 33. Ra7 $1 $18) 30... Ra3 $1 {Shock!} 31. Nd1 Kf7 32.
Rb2 f4 33. Rd2 $1 {This is better} ({than} 33. g3 e5 34. Rd2 Ke6 35. gxf4 exf4
36. Rd4 Ke5 37. Rd2) 33... Ke7 34. g3 Ra4 $1 $138 (34... Ne5 35. gxf4 Nxf3 36.
Rd3 Rxd3 37. Bxd3 e5 38. Be2 Nd4 39. fxe5 dxe5 $11) 35. b5 fxg3+ 36. hxg3 Bb7
37. Ne3 $5 {Is it the right move order?} (37. Rd4 h5 38. Rh4 Nf6 39. Ne3 Ra2
40. g4 hxg4 41. Nxg4 Nxg4+ 42. Rxg4 $11) 37... Nf6 $1 (37... h5 38. Ng2 $132)
38. g4 $2 {This ambitious move may be a mistake.} (38. Rd4 Ra2 39. Rh4 h5 $11)
38... Ra8 $2 (38... h5 $1 39. g5 Nd7 40. Kg3 (40. f4 Nc5 41. Bf3 Ne4+ 42. Bxe4
Bxe4 $17) (40. Ng2 Ne5) 40... Ra3 41. Ng2 Ne5 42. Nh4 Be4 $17) 39. g5 Nd7 40.
Rd4 {On this move I offered a draw. We have a more or less equal position on
the board.} (40. Rd4 Rf8 41. Rh4 Rf7 {After all these obvious moves I was
stuck and could not have found a real follow up.} 42. Ng4 $1 e5 43. Nh6 Rf8 44.
Ke3 d5 45. cxd5 Bxd5 $11) 1/2-1/2